02262cam a2200385 i 4500001001000000003000900010005001700019007000300036008004100039020001500080040003000095041000800125082002500133100004300158245007000201264016500271300002800436336002800464337003400492338003000526490005100556504003800607505064800645590002701293650006801320650004901388650006301437650005201500650005501552650005801607910003701665942001401702952014301716999001701859000012446DO-SdBNP20250623115630.0ta931116s1995 mx b 000 0 spa  a9682958687 aDO-SdBNPbspacBNPHUerda aspa 4a371.20098bS347h2221 aSchmelkes, Sylvia.9291604aut.eautor10aHacia una mejor calidad de nuestras escuelas /cSylvia Schmelkes. 4aMéxico, D. F. :bSecretaria de Educación Pública. Subsecretaria de Educación Básica :bComisión Nacional de los Libros de Texto Gratuitos,c©1995. a134 páginas ;c22 cm. atextobtxt2rdacontent  asin mediación bn2rdamedia avolumen bnc2rdacarrier0 aBiblioteca para la actualización del maestro aBibliografía: páginas 133-134 aPresentación -- Introducción. Como entender la calidad de la educación -- La calidad educativa mira hacia el futuro -- La calidad parte del reconocimiento de que hay problemas -- La calidad en el plantel y en su contexto -- La calidad está en el proceso -- La calidad depende de todos los que participan en el proceso -- La calidad requiere liderazgos -- La calidad conduce al mejoramiento continuo de las personas involucradas -- La planeación y la evolución para la calidad -- La calidad necesita la participación de la comunidad -- Algunas implicaciones de la calidad -- Conclusión. La calidad es asunto de rendir cuentas -- aInventariado, 2025 MFF 0aGestión y organización escolar z América Latina.987762 4aCambio educativo z América Latina.987763 4aEducación xAspectos sociales zAmérica Latina.928576 4aAdministracion escolarzAmérica Latina929161 0aInnovaciones educativas zAmérica Latina 917115 4aSociología de la educacionzAmérica Latina929163 aValidado. Control de calidad MFF 2ddccLBS1 00102ddc56708GRaBNPHUbBNPHUcHDd2009-11-12l0oBNPHU GR 371.20098 S347hp12446-10r2020-06-25w2020-06-25yLBS1ZPréstamo interno c12103d12103